000 00310nam a2200109Ia 4500
008 200302s9999 xx 000 0 und d
100 _aFrank R. Dagostino
245 _aMechanical and Electrical Systems in Construction and Architecture
260 _bReston Publishing Co. Inc.
260 _c1978
300 _a545 P.,
999 _c582
_d582